| 000 | 00465nam a2200157Ia 4500 | ||
|---|---|---|---|
| 999 |
_c19381 _d19381 |
||
| 003 | OSt | ||
| 005 | 20200626152450.0 | ||
| 008 | 190216s9999||||xx |||||||||||||| ||und|| | ||
| 040 | _coclc | ||
| 082 |
_a954.83 _bCHO/S |
||
| 100 |
_aChopra, P N _9632 |
||
| 245 | 0 |
_aA Social And Cultural History Of India / _cP N Chopra |
|
| 260 |
_bSterling Publications, _c1979. _aNew Delhi: |
||
| 300 | _a409 | ||
| 942 |
_cBK _2ddc _h954.83 _iCHO/S _k954.83 _mCHO/S |
||